Sobre repoblació de boscos / per Manuel Raventós
Descripción Física:
72 p. ; 23 cm
Materias:
Repoblació forestal
MARC
| LEADER | 00000nam a2200000Ia 4500 | ||
|---|---|---|---|
| 001 | 697 | ||
| 008 | 160829s1920 xx 000 0 cat d | ||
| 080 | |a M-3-371 | ||
| 100 | |a Raventós i Domènech, Manuel |9 25383 | ||
| 245 | |a Sobre repoblació de boscos / per Manuel Raventós | ||
| 260 | |a Barcelona : |b (Imp. Casa de Caritat), |c 1920 | ||
| 300 | |a 72 p. ; |c 23 cm | ||
| 590 | |a Abans del títol : Mancomunitat de Catalunya. | ||
| 590 | |a Hi ha un duplicat a: DUP-236 i un altre a 3238 | ||
| 650 | 0 | |a Repoblació forestal |9 26860 | |
| 710 | 2 | |a Catalunya. |b Mancomunitat |9 53015 | |
| 856 | 4 | |u https://media.diba.cat/diba/fitxers/arxiu/mancomunitat/bib_697_1920_baixa.pdf |y Accés lliure | |
| 900 | |a bib_697_1920_baixa.pdf | ||
| 901 | |a Arxiu | ||
| 942 | |n 1 |2 udc | ||
| 952 | |0 0 |1 0 |2 udc |4 0 |6 M3371 |7 1 |9 54598 |a Arxiu |b Arxiu |d 2016-12-01 |o M-3-371 |p 697 |r 2016-12-01 00:00:00 |w 2016-12-01 |y ARXIU | ||
| 999 | |c 58467 |d 58467 | ||